Những ngọn gió Hua Tát Tuyển tập truyện ngắn & kịch
Tập sách gồm 10 truyện rất ngắn và 5 vở kịch dài, tất cả đầy ám ảnh và gợi cho người đọc nhiều suy nghĩ về cuộc đời, về xã hội, về bản ngã con người trong mỗi chúng ta.
Αποθηκεύτηκε σε:
| Κύριος συγγραφέας: | |
|---|---|
| Μορφή: | Βιβλίο |
| Γλώσσα: | Undetermined |
| Έκδοση: |
Tp. Hồ Chí Minh
Nxb. Trẻ
2017
|
| Θέματα: | |
| Διαθέσιμο Online: | http://lrc.tdmu.edu.vn/opac/search/detail.asp?aID=2&ID=29954 |
| Ετικέτες: |
Προσθήκη ετικέτας
Δεν υπάρχουν, Καταχωρήστε ετικέτα πρώτοι!
|
| Thư viện lưu trữ: | Trung tâm Học liệu Trường Đại học Thủ Dầu Một |
|---|
| LEADER | 01046nam a2200217Ia 4500 | ||
|---|---|---|---|
| 001 | TDMU_29954 | ||
| 008 | 210410s9999 xx 000 0 und d | ||
| 082 | |a 895.9223409 | ||
| 090 | |b NG527 | ||
| 100 | |a Nguyễn, Huy Thiệp | ||
| 245 | 0 | |a Những ngọn gió Hua Tát | |
| 245 | 0 | |b Tuyển tập truyện ngắn & kịch | |
| 245 | 0 | |c Nguyễn Huy Thiệp | |
| 260 | |a Tp. Hồ Chí Minh | ||
| 260 | |b Nxb. Trẻ | ||
| 260 | |c 2017 | ||
| 300 | |a 257tr. | ||
| 520 | |a Tập sách gồm 10 truyện rất ngắn và 5 vở kịch dài, tất cả đầy ám ảnh và gợi cho người đọc nhiều suy nghĩ về cuộc đời, về xã hội, về bản ngã con người trong mỗi chúng ta. | ||
| 650 | |a Văn học Việt Nam |v Truyện ngắn; Văn học hiện đại |v Truyện ngắn |z Việt Nam | ||
| 856 | |u http://lrc.tdmu.edu.vn/opac/search/detail.asp?aID=2&ID=29954 | ||
| 980 | |a Trung tâm Học liệu Trường Đại học Thủ Dầu Một | ||